[Event "Chigorin Memorial"]
[Site "St Petersburg"]
[Date "2015.10.09"]
[Round "7.28"]
[White "Matsenko, Sergei"]
[Black "Karasev, Vladimir I"]
[Result "1/2-1/2"]
[WhiteElo "2531"]
[BlackElo "2341"]
[PlyCount "120"]
[EventDate "2015.10.03"]
[EventRounds "9"]
[EventCountry "RUS"]

1. Nf3 Nf6 2. c4 c5 3. Nc3 a6 4. g3 b6 5. Bg2 Bb7 6. O-O e6 7. d4 cxd4 8. Qxd4
d6 9. Bg5 Nbd7 10. Qd2 Qc7 11. Bf4 Be7 12. Rfd1 e5 13. Bg5 h6 14. Bxf6 Nxf6 15.
Nh4 Bxg2 16. Nxg2 Qxc4 17. Ne3 Qe6 18. Ncd5 Nxd5 19. Nxd5 Bd8 20. Rac1 O-O 21.
Rc6 b5 22. Qb4 e4 23. Rxd6 Qe5 24. Rd7 Re8 25. Rd4 Rc8 26. Kg2 e3 27. Nxe3 Bb6
28. R4d5 Qe4+ 29. Qxe4 Rxe4 30. Nf5 Rc2 31. e3 Rxb2 32. Nd6 Rxe3 33. Rb7 Ree2
34. Rxb6 Rxf2+ 35. Kh3 Rxh2+ 36. Kg4 Rb4+ 37. Kf3 Rxa2 38. Re5 Ra3+ 39. Re3
Rxe3+ 40. Kxe3 a5 41. Ra6 a4 42. Ra5 Rb3+ 43. Kf4 g5+ 44. Kg4 Kg7 45. Ra6 Kf6
46. Nxb5+ Ke5 47. Nd6 f5+ 48. Kh3 f4 49. Nf7+ Kd5 50. Rxa4 Rxg3+ 51. Kh2 Rg4
52. Ra6 f3 53. Nxh6 Rg2+ 54. Kh3 Rg1 55. Ng4 Ke4 56. Ra4+ Kf5 57. Ra5+ Kf4 58.
Ra4+ Kf5 59. Rb4 Rxg4 60. Rb5+ Kf4 1/2-1/2

[Event "Chigorin Memorial"]
[Site "St Petersburg"]
[Date "2015.10.09"]
[Round "7.29"]
[White "Yeletsky, Ivan"]
[Black "Blomqvist, Erik"]
[Result "1-0"]
[WhiteElo "2342"]
[BlackElo "2530"]
[PlyCount "57"]
[EventDate "2015.10.03"]
[EventRounds "9"]
[EventCountry "RUS"]

1. d4 d5 2. c4 c6 3. cxd5 cxd5 4. Nc3 Nf6 5. Bf4 Nc6 6. e3 Bg4 7. Qb3 Na5 8.
Qa4+ Bd7 9. Qc2 Rc8 10. Bd3 b5 11. a3 g6 12. Qe2 Nc4 13. Be5 Bg7 14. Nf3 O-O
15. Bxf6 Bxf6 16. Nxd5 Bg7 17. O-O Bg4 18. Bxc4 bxc4 19. h3 Bxh3 20. Nxe7+ Qxe7
21. gxh3 Rfd8 22. Rfd1 Rd5 23. Qf1 Qb7 24. Rac1 Rf5 25. Nd2 Qxb2 26. Nxc4 Qb8
27. Qg2 Bf6 28. Kh1 Qb3 29. Nd6 1-0

[Event "Chigorin Memorial"]
[Site "St Petersburg"]
[Date "2015.10.09"]
[Round "7.30"]
[White "Predke, Alexandr"]
[Black "Esenov, Annaberdi"]
[Result "1-0"]
[WhiteElo "2527"]
[BlackElo "2323"]
[PlyCount "61"]
[EventDate "2015.10.03"]
[EventRounds "9"]
[EventCountry "RUS"]

1. e4 c5 2. Nf3 d6 3. d4 cxd4 4. Nxd4 Nf6 5. Nc3 a6 6. h3 b5 7. Nd5 Nxd5 8.
exd5 g6 9. g3 Bg7 10. Bg2 O-O 11. O-O Qc7 12. Re1 Re8 13. a4 b4 14. a5 Bb7 15.
Ra4 e5 16. Rxb4 Nd7 17. Ne6 Qc8 18. Nxg7 Kxg7 19. Be3 Qc7 20. Qd2 f6 21. Rc1
Rab8 22. c4 Ba8 23. Rxb8 Rxb8 24. b4 f5 25. c5 Nf6 26. c6 Qf7 27. Qd3 e4 28.
Qxa6 Nxd5 29. c7 Nxc7 30. Qxd6 Rb7 31. a6 1-0

[Event "Chigorin Memorial"]
[Site "St Petersburg"]
[Date "2015.10.09"]
[Round "7.31"]
[White "Andersen, Mads"]
[Black "Kenneskog, Theodor"]
[Result "1-0"]
[WhiteElo "2457"]
[BlackElo "2334"]
[PlyCount "77"]
[EventDate "2015.10.03"]
[EventRounds "9"]
[EventCountry "RUS"]

1. d4 Nf6 2. c4 g6 3. g3 Bg7 4. Bg2 d5 5. cxd5 Nxd5 6. Nf3 Nb6 7. Nc3 Nc6 8. e3
O-O 9. O-O Re8 10. a3 Bg4 11. h3 Bd7 12. Qc2 e5 13. Nxe5 Nxe5 14. dxe5 Qc8 15.
Kh2 Bxe5 16. e4 Bg7 17. Bf4 a5 18. a4 c6 19. Rad1 Be6 20. Be3 Nc4 21. Bc1 b5
22. f4 b4 23. Nb1 b3 24. Qf2 f6 25. Nd2 Rb8 26. f5 Bf7 27. Nxc4 Bxc4 28. Rfe1
Rb4 29. Rd6 gxf5 30. exf5 Bd5 31. Bd2 Rb7 32. Rxe8+ Qxe8 33. Rxd5 cxd5 34.
Bxd5+ Rf7 35. Bxb3 Kh8 36. Bxf7 Qxf7 37. Bxa5 Qb3 38. Qd4 Qc2+ 39. Qd2 1-0

[Event "Chigorin Memorial"]
[Site "St Petersburg"]
[Date "2015.10.09"]
[Round "7.32"]
[White "Ovod, Evgenija"]
[Black "Golubov, Saveliy"]
[Result "0-1"]
[WhiteElo "2328"]
[BlackElo "2453"]
[PlyCount "90"]
[EventDate "2015.10.03"]
[EventRounds "9"]
[EventCountry "RUS"]

1. d4 Nf6 2. Bg5 e6 3. e4 h6 4. Bxf6 Qxf6 5. Nc3 Bb4 6. Qd2 c5 7. a3 cxd4 8.
axb4 dxc3 9. Qxc3 Qxc3+ 10. bxc3 b6 11. Bd3 Bb7 12. Ne2 Ke7 13. Kd2 Rc8 14. Nd4
g6 15. Ra3 e5 16. Nb3 f5 17. f3 fxe4 18. fxe4 a6 19. Rha1 d6 20. g3 Rc7 21. Nc1
Nd7 22. Bxa6 Bxe4 23. Bd3 Rxa3 24. Rxa3 Bf5 25. Ne2 Nf6 26. Ra6 e4 27. Bb5 Nd5
28. Ra3 Kf8 29. c4 e3+ 30. Kd1 Nxb4 31. Rxe3 Nxc2 32. Rf3 Kg7 33. Kd2 Re7 34.
c5 dxc5 35. Rxf5 Na3 36. Rd5 Nxb5 37. Nf4 g5 38. Nd3 Nd4 39. Kc3 Kf6 40. g4 Re6
41. h4 Re2 42. hxg5+ hxg5 43. Rd6+ Ke7 44. Rxd4 cxd4+ 45. Kxd4 Ke6 0-1

[Event "Chigorin Memorial"]
[Site "St Petersburg"]
[Date "2015.10.09"]
[Round "7.33"]
[White "Franco Alonso, Alejandro"]
[Black "Smirnov, Timofey"]
[Result "1/2-1/2"]
[WhiteElo "2450"]
[BlackElo "2289"]
[PlyCount "122"]
[EventDate "2015.10.03"]
[EventRounds "9"]
[EventCountry "RUS"]

1. d4 Nf6 2. c4 e6 3. Nf3 d5 4. g3 Bb4+ 5. Bd2 Be7 6. Bg2 O-O 7. O-O c6 8. Qc2
b6 9. Bf4 Bb7 10. Rd1 Nbd7 11. Nc3 Rc8 12. Ne5 b5 13. Nxd7 Nxd7 14. c5 e5 15.
Bxe5 Nxe5 16. dxe5 Qc7 17. b4 Qxe5 18. e4 dxe4 19. Bxe4 f5 20. Bg2 Rc7 21. Qb3+
Kh8 22. Re1 Qf6 23. Ne2 g5 24. Rad1 Rd8 25. Qe3 Rcd7 26. Rxd7 Rxd7 27. Nd4 Bf8
28. Nb3 Re7 29. Qd2 Bc8 30. Rxe7 Bxe7 31. Qd4 Be6 32. Bxc6 Bxb3 33. Qxf6+ Bxf6
34. axb3 Bc3 35. Bd7 Bxb4 36. c6 Bd6 37. Bxf5 Kg7 38. Bd3 a6 39. Kg2 h6 40. Kf3
Kf6 41. Kg4 Bc7 42. Kh5 Kg7 43. h4 gxh4 44. Kxh4 Kf6 45. Kh5 Kg7 46. Bf1 Bb8
47. Be2 Bc7 48. f4 Bb8 49. Kg4 Kf6 50. Kf3 Ke6 51. Ke4 Kd6 52. Kf5 Kxc6 53. Kg6
Kd5 54. Kxh6 Ke4 55. Kg5 Ke3 56. Bh5 a5 57. Kg4 Kf2 58. Be8 a4 59. bxa4 bxa4
60. Bxa4 Bc7 61. Bc6 Bb8 1/2-1/2

[Event "Chigorin Memorial"]
[Site "St Petersburg"]
[Date "2015.10.09"]
[Round "7.34"]
[White "Pushkov, Nikolai"]
[Black "Usmanov, Vasily"]
[Result "1/2-1/2"]
[WhiteElo "2314"]
[BlackElo "2450"]
[PlyCount "69"]
[EventDate "2015.10.03"]
[EventRounds "9"]
[EventCountry "RUS"]

1. Nf3 Nf6 2. c4 e6 3. Nc3 Bb4 4. Qc2 c5 5. a3 Bxc3 6. Qxc3 Nc6 7. b4 b6 8. e3
O-O 9. Bb2 d6 10. Be2 e5 11. O-O Bg4 12. d3 a5 13. b5 Ne7 14. h3 Bxf3 15. Bxf3
Rc8 16. Rac1 Ng6 17. Be4 Nxe4 18. dxe4 Qe7 19. f4 f6 20. f5 Nh8 21. Qd3 Nf7 22.
Rcd1 Qb7 23. Qd5 Qxd5 24. exd5 Rfe8 25. e4 Kf8 26. Bc1 Ke7 27. Rd3 Rh8 28. Rdf3
Rcg8 29. Bd2 a4 30. Kh2 h5 31. Rg3 Rh7 32. Rf2 Kf8 33. Rf1 Ke7 34. Rf2 Kf8 35.
Rf1 1/2-1/2

[Event "Chigorin Memorial"]
[Site "St Petersburg"]
[Date "2015.10.09"]
[Round "7.35"]
[White "Shchukin, Dmitry"]
[Black "Kalegin, Evgenij"]
[Result "0-1"]
[WhiteElo "2299"]
[BlackElo "2444"]
[PlyCount "60"]
[EventDate "2015.10.03"]
[EventRounds "9"]
[EventCountry "RUS"]

1. e4 c5 2. Nf3 e6 3. d4 cxd4 4. Nxd4 a6 5. Nc3 b5 6. Bd3 Qb6 7. Nb3 Qc7 8. Qe2
Bb7 9. a4 b4 10. Na2 Nf6 11. Bd2 Nc6 12. f4 Be7 13. e5 Nd5 14. Be4 O-O 15. Qd3
h6 16. O-O d6 17. Bxd5 exd5 18. exd6 Bxd6 19. Rf2 Rfe8 20. Be3 Re4 21. Rd1 Rae8
22. Bc1 Qb6 23. Rdf1 a5 24. Qb5 Qa7 25. Qxd5 Re2 26. Qxd6 Rxf2 27. Qc5 Rxc2 28.
Qxa7 Nxa7 29. Bd2 Rxb2 30. Nac1 Bd5 0-1

[Event "Chigorin Memorial"]
[Site "St Petersburg"]
[Date "2015.10.09"]
[Round "7.36"]
[White "Malakhov, Igor"]
[Black "Artamonov, Valery"]
[Result "1-0"]
[WhiteElo "2438"]
[BlackElo "2287"]
[PlyCount "83"]
[EventDate "2015.10.03"]
[EventRounds "9"]
[EventCountry "RUS"]

1. e4 g6 2. d4 Bg7 3. Nc3 d5 4. exd5 Nf6 5. Bc4 Nbd7 6. Qf3 O-O 7. Bb3 Nb6 8.
h3 a5 9. a4 c6 10. dxc6 bxc6 11. Nge2 Nfd5 12. O-O Ba6 13. Re1 Rb8 14. Bg5 h6
15. Bh4 Rb7 16. Ne4 Nd7 17. Nd6 Rb4 18. Nc3 Ne5 19. dxe5 Rxh4 20. Nxd5 cxd5 21.
Nxf7 Qb6 22. Qg3 Rd4 23. e6 Rd2 24. Rad1 Rxd1 25. Rxd1 Kh7 26. Bxd5 Qxb2 27.
Be4 Qf6 28. Ne5 Qxe6 29. Qxg6+ Qxg6 30. Nxg6 Re8 31. Nxe7+ Kh8 32. Rd7 Bc8 33.
Ng6+ Kg8 34. Re7 Rd8 35. c4 Bd7 36. Bd5+ Kh7 37. Nf4 Kh8 38. g4 Bxa4 39. Ne6
Rg8 40. Ra7 Bd1 41. Nxg7 Rxg7 42. Ra8+ 1-0

[Event "Chigorin Memorial"]
[Site "St Petersburg"]
[Date "2015.10.09"]
[Round "7.37"]
[White "Mishuchkov, Nikolai M"]
[Black "Atabayev, Yusup"]
[Result "1-0"]
[WhiteElo "2295"]
[BlackElo "2428"]
[PlyCount "103"]
[EventDate "2015.10.03"]
[EventRounds "9"]
[EventCountry "RUS"]

1. Nf3 c5 2. c4 Nf6 3. Nc3 Nc6 4. d4 cxd4 5. Nxd4 e6 6. Bf4 a6 7. Nxc6 bxc6 8.
Bd6 Be7 9. e4 O-O 10. c5 Bxd6 11. Qxd6 Ne8 12. Qd4 Rb8 13. b3 Qa5 14. Rc1 Rb4
15. Bc4 e5 16. Qe3 d6 17. O-O dxc5 18. Rfd1 Nc7 19. a3 Rxc4 20. bxc4 Ne6 21.
Ne2 h6 22. Qb3 Ng5 23. Ng3 g6 24. Qc3 Qc7 25. Qe3 Qe7 26. h4 Ne6 27. Qxh6 Nd4
28. Qg5 Qxg5 29. hxg5 Be6 30. f3 a5 31. Kf2 a4 32. Nf1 Ra8 33. Nd2 Kf8 34. Rb1
Kg7 35. Rb7 Nc2 36. Rc1 Nd4 37. Rcb1 Rd8 38. Rb8 Rd6 39. Rh1 f6 40. Rb7+ Bf7
41. f4 exf4 42. gxf6+ Rxf6 43. Nf3 Nxf3 44. Kxf3 Kg8 45. Rd1 Bxc4 46. Rd8+ Rf8
47. Rxf8+ Kxf8 48. Kxf4 Bf1 49. g3 c4 50. Rc7 Ke8 51. Ke3 g5 52. Kd4 1-0

[Event "Chigorin Memorial"]
[Site "St Petersburg"]
[Date "2015.10.09"]
[Round "7.38"]
[White "Ushenina, Anna"]
[Black "Ibadov, Dashgyn"]
[Result "1-0"]
[WhiteElo "2426"]
[BlackElo "2246"]
[PlyCount "73"]
[EventDate "2015.10.03"]
[EventRounds "9"]
[EventCountry "RUS"]

1. Nf3 Nf6 2. c4 e6 3. g3 d5 4. Bg2 Be7 5. O-O O-O 6. b3 b6 7. Bb2 c5 8. e3 Nc6
9. Nc3 Ba6 10. d3 Rc8 11. Qe2 Qc7 12. Ne1 Rfd8 13. f4 dxc4 14. bxc4 Bb7 15. g4
a6 16. g5 Ne8 17. Rf3 g6 18. Rh3 Ng7 19. Ne4 e5 20. Nf6+ Bxf6 21. gxf6 Ne6 22.
f5 Nf8 23. fxg6 fxg6 24. Bd5+ Kh8 25. Nf3 Nd7 26. Rxh7+ Kxh7 27. Ng5+ Kh6 28.
Nf7+ Kh7 29. Qf2 Nxf6 30. Qxf6 Rf8 31. Rf1 Qe7 32. Qxe7 Nxe7 33. Bxb7 Rb8 34.
Be4 Nf5 35. Nxe5 Nxe3 36. Re1 Nf5 37. Nd7 1-0

[Event "Chigorin Memorial"]
[Site "St Petersburg"]
[Date "2015.10.09"]
[Round "7.39"]
[White "Leontiev, Aleksandr V"]
[Black "Smirnov, Artem"]
[Result "1/2-1/2"]
[WhiteElo "2281"]
[BlackElo "2419"]
[PlyCount "135"]
[EventDate "2015.10.03"]
[EventRounds "9"]
[EventCountry "RUS"]

1. Nf3 d6 2. d4 Nf6 3. g3 g6 4. c4 Bg7 5. Nc3 O-O 6. Bg2 c6 7. O-O Bf5 8. Re1
Ne4 9. Qb3 Nxc3 10. bxc3 Bc8 11. e4 Nd7 12. a4 Re8 13. a5 Qc7 14. h4 e5 15. Ba3
c5 16. Qa4 Rd8 17. Rad1 b6 18. dxe5 Nxe5 19. Nxe5 Bxe5 20. axb6 Qxb6 21. Rb1
Qa6 22. Qb3 Be6 23. f4 Bxc4 24. Qb2 Bg7 25. e5 dxe5 26. Bxa8 Rxa8 27. Qb8+ Rxb8
28. Rxb8+ Bf8 29. Bxc5 h5 30. fxe5 Qa2 31. Rxf8+ Kg7 32. e6 Bxe6 33. Re8 Kf6
34. Rf1+ Ke5 35. Bd4+ Kd5 36. Rf2 Qb1+ 37. Kh2 a5 38. Ra8 Kc4 39. Rxa5 Qd1 40.
Rc5+ Kd3 41. Re5 Qg4 42. Re3+ Kc4 43. Rb2 Kd5 44. Rb6 Bf5 45. Rb5+ Kc6 46. Rc5+
Kd6 47. Ra5 Qd1 48. Be5+ Kc6 49. Ra2 Bc2 50. Ra6+ Kc5 51. Rd6 Qc1 52. Rd8 f5
53. Bd4+ Kc4 54. Rc8+ Kd5 55. Re5+ Kd6 56. Re2 Be4 57. Bg1 Kd7 58. Rc5 f4 59.
Rg5 f3 60. Ra2 Bc2 61. Rd5+ Ke6 62. c4 Be4 63. Ra6+ Kf7 64. Ra7+ Ke6 65. Ra6+
Kf7 66. Ra7+ Ke6 67. Ra6+ Kf7 68. Ra7+ 1/2-1/2

[Event "Chigorin Memorial"]
[Site "St Petersburg"]
[Date "2015.10.09"]
[Round "7.40"]
[White "Iljin, Timofey"]
[Black "Eraschenkov, Denis"]
[Result "1-0"]
[WhiteElo "2266"]
[BlackElo "2402"]
[PlyCount "75"]
[EventDate "2015.10.03"]
[EventRounds "9"]
[EventCountry "RUS"]

1. d4 Nf6 2. c4 g6 3. Nc3 Bg7 4. e4 d6 5. Be2 O-O 6. Nf3 e5 7. O-O exd4 8. Nxd4
Re8 9. f3 c6 10. Kh1 Nbd7 11. Bf4 Nh5 12. Bxd6 Qf6 13. Nb3 Nf4 14. c5 b6 15.
Rf2 Nxe2 16. Qxe2 a5 17. f4 a4 18. e5 Qh4 19. Nd2 Nf6 20. Nf3 Qh5 21. cxb6 Bb7
22. Ne4 Nxe4 23. Qxe4 Ra5 24. Rd1 Qg4 25. h3 Qe6 26. a3 Qb3 27. Rdf1 Qxb6 28.
f5 Ba6 29. e6 f6 30. fxg6 h5 31. e7 Bxf1 32. Qe6+ Kh8 33. Rxf1 c5 34. Ng5 Qb3
35. Qe2 Bh6 36. Nf7+ Kg7 37. Qxh5 Qe3 38. Bf4 1-0

[Event "Chigorin Memorial"]
[Site "St Petersburg"]
[Date "2015.10.09"]
[Round "7.41"]
[White "Korchmar, Vasiliy"]
[Black "Pashinsky, Mikhail"]
[Result "1-0"]
[WhiteElo "2402"]
[BlackElo "2228"]
[PlyCount "79"]
[EventDate "2015.10.03"]
[EventRounds "9"]
[EventCountry "RUS"]

1. e4 d6 2. d4 Nf6 3. Nc3 g6 4. f4 Bg7 5. Nf3 O-O 6. Bd3 Na6 7. O-O c5 8. d5
Nc7 9. a4 Na6 10. a5 Nb4 11. Bc4 e6 12. dxe6 Bxe6 13. Bxe6 fxe6 14. Qe2 d5 15.
e5 Ne8 16. Nd1 a6 17. Ng5 Qe7 18. c3 Nc6 19. Qg4 Nc7 20. Qh3 h6 21. Nf3 d4 22.
c4 Nb4 23. Ra3 Rad8 24. Rb3 Na8 25. Nf2 b5 26. Nh4 bxc4 27. Nxg6 Qf7 28. Rg3
Nc7 29. f5 exf5 30. Bxh6 Nbd5 31. Bxg7 Qxg7 32. Nh4 Ne3 33. Rxg7+ Kxg7 34. Qg3+
Kf7 35. Qg6+ Ke7 36. Qg7+ Rf7 37. Ng6+ Ke6 38. Nf4+ Ke7 39. Qg5+ Ke8 40. e6 1-0

[Event "Chigorin Memorial"]
[Site "St Petersburg"]
[Date "2015.10.09"]
[Round "7.42"]
[White "Selivanov, Ivan"]
[Black "Slavin, Alexey"]
[Result "0-1"]
[WhiteElo "2254"]
[BlackElo "2401"]
[PlyCount "70"]
[EventDate "2015.10.03"]
[EventRounds "9"]
[EventCountry "RUS"]

1. e4 e5 2. Nf3 Nc6 3. Bb5 Nge7 4. O-O g6 5. c3 a6 6. Bc4 Bg7 7. d4 exd4 8.
cxd4 b5 9. Bb3 O-O 10. Bg5 h6 11. Bh4 Na5 12. Bc2 Nc4 13. b3 Nb6 14. a4 d6 15.
axb5 axb5 16. Rxa8 Nxa8 17. Nc3 Bd7 18. Nd5 g5 19. Nxe7+ Qxe7 20. Bg3 Nb6 21.
Re1 Bg4 22. e5 dxe5 23. Qd3 Rd8 24. Qh7+ Kf8 25. Nxe5 Qb4 26. Kf1 Re8 27. f3
Be6 28. Bf2 Nd5 29. Bb1 Qxb3 30. Qe4 Nc3 31. Qh7 Nxb1 32. Rxb1 Qc3 33. Be1 Qxd4
34. Nd3 Bc4 35. Rd1 Re3 0-1

[Event "Chigorin Memorial"]
[Site "St Petersburg"]
[Date "2015.10.09"]
[Round "7.43"]
[White "Siva, Mahadevan"]
[Black "Gogin, Maksim"]
[Result "1/2-1/2"]
[WhiteElo "2392"]
[BlackElo "2220"]
[PlyCount "116"]
[EventDate "2015.10.03"]
[EventRounds "9"]
[EventCountry "RUS"]

1. e4 c5 2. Nf3 e6 3. d4 cxd4 4. Nxd4 a6 5. c4 Nf6 6. Nc3 Qc7 7. Be2 b6 8. Be3
Bb7 9. f3 d6 10. O-O Nbd7 11. Qd2 Be7 12. a4 O-O 13. a5 bxa5 14. Nb3 Rab8 15.
Nxa5 Ba8 16. Rfc1 Ne5 17. Na4 Nfd7 18. b4 Qd8 19. b5 d5 20. cxd5 axb5 21. Nc6
Nxc6 22. dxc6 Bxc6 23. Rxc6 bxa4 24. Rxa4 Ne5 25. Rc2 Qxd2 26. Rxd2 Rfd8 27.
Rxd8+ Bxd8 28. Kf2 h5 29. h3 Bb6 30. Bxb6 Rxb6 31. f4 Ng6 32. Bxh5 Nxf4 33.
Ra8+ Kh7 34. Bxf7 g5 35. Ra7 Kh6 36. Re7 Kg7 37. Bh5+ Kf6 38. Rf7+ Ke5 39. Bf3
Rb2+ 40. Kg3 Rd2 41. Ra7 Kf6 42. Ra6 Ng6 43. Bg4 Nf4 44. h4 Rxg2+ 45. Kf3 Rg1
46. hxg5+ Kxg5 47. Bxe6 Rf1+ 48. Ke3 Re1+ 49. Kd4 Rd1+ 50. Kc3 Nxe6 51. Rxe6
Kf4 52. Re8 Re1 53. Kd4 Rd1+ 54. Kc4 Re1 55. Kd5 Rd1+ 56. Kc5 Re1 57. Kd5 Rd1+
58. Kc5 Re1 1/2-1/2

[Event "Chigorin Memorial"]
[Site "St Petersburg"]
[Date "2015.10.09"]
[Round "7.44"]
[White "Duzhakov, Ilya"]
[Black "Mrykhin, Igor"]
[Result "1-0"]
[WhiteElo "2381"]
[BlackElo "2146"]
[PlyCount "81"]
[EventDate "2015.10.03"]
[EventRounds "9"]
[EventCountry "RUS"]

1. e4 c5 2. Nf3 d6 3. d4 cxd4 4. Nxd4 Nf6 5. Nc3 a6 6. Be3 Nbd7 7. Qd2 Qc7 8.
f3 b5 9. a4 b4 10. Na2 e5 11. Nb3 d5 12. exd5 Bb7 13. Nxb4 Bxb4 14. Qxb4 Nxd5
15. Qd2 Nxe3 16. Qxe3 Qxc2 17. Rd1 Rd8 18. Rd2 Qb1+ 19. Kf2 O-O 20. Rg1 Qg6 21.
Na5 Ba8 22. Be2 e4 23. f4 Nf6 24. Rxd8 Rxd8 25. Nc4 Rd3 26. Rd1 Bd5 27. Qa7 e3+
28. Nxe3 Rxe3 29. Qxe3 Qxg2+ 30. Ke1 h5 31. h3 h4 32. b4 Be6 33. Rd8+ Kh7 34.
Bxa6 Bxh3 35. Bd3+ g6 36. Qe7 Qg3+ 37. Kd1 Bg4+ 38. Kc2 Qg2+ 39. Kb1 Qh1+ 40.
Kb2 Qg2+ 41. Bc2 1-0

[Event "Chigorin Memorial"]
[Site "St Petersburg"]
[Date "2015.10.09"]
[Round "7.45"]
[White "Pletnev, Evgeniy"]
[Black "Sanzhaev, Darsen"]
[Result "1-0"]
[WhiteElo "2246"]
[BlackElo "2378"]
[PlyCount "77"]
[EventDate "2015.10.03"]
[EventRounds "9"]
[EventCountry "RUS"]

1. Nc3 c5 2. d4 cxd4 3. Qxd4 Nc6 4. Qh4 d5 5. e4 d4 6. Nd5 Nf6 7. Bc4 Na5 8.
Bb5+ Bd7 9. Bd3 Bc8 10. Nf3 Nc6 11. Nxf6+ exf6 12. O-O Bd6 13. a3 h5 14. e5
fxe5 15. Bg5 f6 16. Bd2 Bg4 17. Bg6+ Kf8 18. Rfe1 Bxf3 19. gxf3 Ne7 20. Bd3 Qd7
21. Kh1 g5 22. Qe4 Qh3 23. Bf1 Qd7 24. Bb4 Bxb4 25. axb4 Qc6 26. Qd3 Kg7 27. b5
Qc7 28. f4 gxf4 29. Bh3 Rh6 30. Qb3 Qc5 31. Bg2 Rd8 32. Rg1 Kf8 33. Bxb7 Rb8
34. Be4 Rxb5 35. Qh3 Qb6 36. Qd7 a5 37. Rg7 Qc5 38. Rag1 Rb8 39. Qe6 1-0

[Event "Chigorin Memorial"]
[Site "St Petersburg"]
[Date "2015.10.09"]
[Round "7.46"]
[White "Urazayev, Arystanbek"]
[Black "Kotlyar, Kirill"]
[Result "1/2-1/2"]
[WhiteElo "2217"]
[BlackElo "2370"]
[PlyCount "68"]
[EventDate "2015.10.03"]
[EventRounds "9"]
[EventCountry "RUS"]

1. e4 c5 2. Nf3 d6 3. d4 cxd4 4. Nxd4 Nf6 5. Nc3 Nc6 6. Bg5 e6 7. Qd2 a6 8.
O-O-O h6 9. Nxc6 bxc6 10. Bf4 d5 11. Qe3 Bb4 12. Be2 Qa5 13. Be5 Bxc3 14. Bxc3
Qxa2 15. f3 Bb7 16. Bd3 Rd8 17. Kd2 dxe4 18. fxe4 c5 19. Bxf6 gxf6 20. Qxc5
Bxe4 21. Kc3 Bxd3 22. Rxd3 Rxd3+ 23. Kxd3 Qxb2 24. Qc8+ Ke7 25. Qxh8 Qb5+ 26.
Kd2 Qg5+ 27. Kd1 Qg4+ 28. Kc1 Qf4+ 29. Kb2 Qb4+ 30. Ka2 Qa4+ 31. Kb2 Qb4+ 32.
Ka2 Qa4+ 33. Kb2 Qb4+ 34. Ka2 Qa4+ 1/2-1/2

[Event "Chigorin Memorial"]
[Site "St Petersburg"]
[Date "2015.10.09"]
[Round "7.47"]
[White "Dilmukhametov, Artur"]
[Black "Gevorgyan, David Sh"]
[Result "1-0"]
[WhiteElo "2187"]
[BlackElo "2359"]
[PlyCount "63"]
[EventDate "2015.10.03"]
[EventRounds "9"]
[EventCountry "RUS"]

1. e4 g6 2. d4 Bg7 3. Nc3 d6 4. g3 Nd7 5. Bg2 e5 6. Nge2 Ngf6 7. h3 O-O 8. Be3
exd4 9. Bxd4 c6 10. O-O Re8 11. g4 Bf8 12. Ng3 Nb6 13. b3 d5 14. exd5 Nbxd5 15.
Nxd5 Nxd5 16. Qf3 f5 17. gxf5 Qh4 18. Qg4 Qxg4 19. Bxd5+ cxd5 20. hxg4 Bd6 21.
f4 gxf5 22. gxf5 Kf7 23. Kg2 h5 24. Rh1 Bxf4 25. Rxh5 Be5 26. Bxe5 Rxe5 27. Kf3
b6 28. Rah1 Re7 29. Rh8 d4 30. Kf4 d3 31. R1h7+ Kf6 32. Nh5# 1-0

[Event "Chigorin Memorial"]
[Site "St Petersburg"]
[Date "2015.10.09"]
[Round "7.48"]
[White "Naumenko, Oleg"]
[Black "Akkozov, Berik"]
[Result "1/2-1/2"]
[WhiteElo "2167"]
[BlackElo "2356"]
[PlyCount "98"]
[EventDate "2015.10.03"]
[EventRounds "9"]
[EventCountry "RUS"]

1. d4 d5 2. Bf4 Nf6 3. e3 c5 4. Nf3 Nc6 5. c3 Qb6 6. Qb3 c4 7. Qc2 Bf5 8. Qc1
e6 9. Nbd2 h6 10. Be2 Be7 11. O-O O-O 12. Ne5 Nxe5 13. Bxe5 Qc6 14. f3 Bg6 15.
Bd1 Nd7 16. Bf4 Bd3 17. Rf2 Bh4 18. g3 Bf6 19. g4 e5 20. Bg3 Rae8 21. Bc2 exd4
22. exd4 Bxc2 23. Qxc2 b5 24. Nf1 b4 25. Re2 Rxe2 26. Qxe2 Nb6 27. h4 Qb5 28.
Qd2 bxc3 29. bxc3 Na4 30. Ne3 Re8 31. Nf5 Re6 32. Qc2 Rb6 33. Re1 Qd7 34. Be5
Re6 35. f4 Bxe5 36. Rxe5 Rxe5 37. fxe5 h5 38. Kg2 hxg4 39. Ne3 Nb6 40. Kg3 Nc8
41. Nxg4 Ne7 42. h5 Qe6 43. Kf4 Kh8 44. Qb1 g6 45. Qb8+ Ng8 46. hxg6 Qxg6 47.
Nf6 Qh6+ 48. Kg4 Qg6+ 49. Kh4 Qh6+ 1/2-1/2

[Event "Chigorin Memorial"]
[Site "St Petersburg"]
[Date "2015.10.09"]
[Round "7.49"]
[White "Egorov, Daniil"]
[Black "Derakhshani, Dorsa"]
[Result "0-1"]
[WhiteElo "2064"]
[BlackElo "2356"]
[PlyCount "50"]
[EventDate "2015.10.03"]
[EventRounds "9"]
[EventCountry "RUS"]

1. e4 e5 2. Nf3 Nc6 3. Bb5 g6 4. d4 exd4 5. c3 dxc3 6. Nxc3 h6 7. Bf4 Bg7 8.
Qd2 Nge7 9. O-O-O a6 10. Ba4 b5 11. Bb3 Na5 12. Nd5 Nxb3+ 13. axb3 d6 14. Nxe7
Qxe7 15. Qd5 Ra7 16. e5 O-O 17. Qd4 Rb7 18. exd6 cxd6 19. Qxd6 Bf5 20. Qxe7
Rxe7 21. Rd2 Rc8+ 22. Kd1 Be6 23. Rd3 Bxb2 24. Re1 Bc3 25. Nd2 Bxb3+ 0-1

[Event "Chigorin Memorial"]
[Site "St Petersburg"]
[Date "2015.10.09"]
[Round "7.50"]
[White "Muhtarov, Leonid"]
[Black "Musaev, Rasul"]
[Result "0-1"]
[WhiteElo "2060"]
[BlackElo "2351"]
[PlyCount "144"]
[EventDate "2015.10.03"]
[EventRounds "9"]
[EventCountry "RUS"]

1. e4 g6 2. Nf3 Bg7 3. g3 e5 4. Bg2 Nc6 5. O-O Nge7 6. d3 d6 7. c3 O-O 8. b4 a6
9. Nbd2 h6 10. Bb2 Be6 11. d4 exd4 12. Nxd4 Nxd4 13. cxd4 Nc6 14. Nf3 Nxb4 15.
Qd2 a5 16. a3 Na6 17. Rac1 a4 18. h3 d5 19. e5 Nb8 20. Ne1 Nc6 21. Bc3 Qd7 22.
Nd3 b6 23. Kh2 Rfc8 24. Nf4 Bf8 25. Ra1 Kg7 26. h4 Ne7 27. Rfd1 Bg4 28. Bh3
Bxh3 29. Nxh3 Nc6 30. Nf4 Nd8 31. Qe2 Ne6 32. Qg4 Qc6 33. Bd2 Nxf4 34. Qxf4 Kg8
35. h5 g5 36. Qf3 Qe6 37. Rab1 c5 38. Be3 g4 39. Qf4 c4 40. Bc1 Rc6 41. Kg2 c3
42. Rh1 Be7 43. f3 gxf3+ 44. Qxf3 Rc4 45. Be3 c2 46. Rb5 Rac8 47. Bc1 Rxd4 48.
Rf1 Rc6 49. Bxh6 Bxa3 50. Be3 Re4 51. h6 c1=Q 52. h7+ Kh8 53. Bxc1 Bxc1 54. Qh5
Rxe5 55. Qh4 Re2+ 56. Kh1 Qe4+ 57. Qxe4 dxe4 58. Rxf7 Rh6+ 59. Kg1 Be3+ 60. Kf1
Rd2 61. Ke1 Rh1+ 62. Rf1 Rxf1+ 63. Kxf1 a3 64. Re5 a2 65. Re8+ Kxh7 66. Ra8 b5
67. g4 b4 68. g5 b3 69. g6+ Kxg6 70. Ke1 b2 71. Ra6+ Kf5 72. Ra5+ Kf4 0-1

[Event "Chigorin Memorial"]
[Site "St Petersburg"]
[Date "2015.10.09"]
[Round "7.51"]
[White "Pridorozhni, Aleksei"]
[Black "Hakobyan, Hovhannes H"]
[Result "1-0"]
[WhiteElo "2575"]
[BlackElo "2043"]
[PlyCount "115"]
[EventDate "2015.10.03"]
[EventRounds "9"]
[EventCountry "RUS"]

1. e4 c5 2. Nc3 g6 3. Nf3 Bg7 4. d4 cxd4 5. Nxd4 Nc6 6. Be3 Nf6 7. Nxc6 bxc6 8.
e5 Ng8 9. f4 f6 10. e6 d5 11. f5 Nh6 12. Bd3 d4 13. Be4 O-O 14. Bxd4 Nxf5 15.
Bxf5 gxf5 16. Qd3 Bxe6 17. O-O-O Qa5 18. Rhe1 Bxa2 19. Rxe7 Rae8 20. Rxe8 Rxe8
21. Qg3 Kh8 22. Qh4 Re6 23. Bf2 Bd5 24. Kb1 Rd6 25. Qh5 Bf8 26. Bh4 Kg7 27.
Nxd5 Rxd5 28. Qf3 Rxd1+ 29. Qxd1 Qd5 30. Qxd5 cxd5 31. Ka2 Bd6 32. h3 f4 33.
Kb3 Be5 34. Bf2 a6 35. c3 Kg6 36. Kc2 Kf5 37. Kd3 Ke6 38. Be1 Kd6 39. b3 Kc6
40. Bd2 Kd6 41. Bc1 Kc6 42. Ba3 Kd7 43. c4 dxc4+ 44. Kxc4 Kc6 45. Bc1 Bc7 46.
Kd4 Kb5 47. Bd2 Kc6 48. Ke4 Be5 49. Bb4 Bd6 50. Ba5 Be5 51. h4 Kd6 52. Kf5 Kd5
53. Bb6 Bd4 54. Bd8 Kc5 55. Be7+ Kb5 56. h5 Bc5 57. Bxc5 Kxc5 58. Kxf6 1-0